TV Watching TV Quiz Stats

 Plays Quiz Updated Apr 2, 2019

Score 0/20 Timer 04:00
2 Plays Today
% Correct
The Big Bang Theory
97.8%
Family Guy
93.4%
The Flintstones
89.8%
The Simpsons
89.3%
How I Met Your Mother
84.9%
Seinfeld
83.8%
Full House
81.6%
That '70s Show
80%
Modern Family
79.6%
Malcolm in the Middle
75.9%
% Correct
Cheers
75.1%
Everybody Loves Raymond
74.7%
Roseanne
72.3%
King of the Hill
71.5%
Black-ish
70.6%
Frasier
67.3%
Gilmore Girls
65.1%
Breaking Bad
63.9%
Mad Men
35.8%
Oz
24%

You're not logged in!

Compare scores with friends on all Sporcle quizzes.
OR
Log In

Sporcle TV

Today on Sporcle TV


Watch our educational content, quiz creation guides, and fun videos on Sporcle TV.

Show Comments

Extras

Top Quizzes Today


Score Distribution

Your Account Isn't Verified!

In order to create a playlist on Sporcle, you need to verify the email address you used during registration. Go to your Sporcle Settings to finish the process.

Report this User

Report this user for behavior that violates our Community Guidelines.

Details: